000 00593cam a2200217 a 4500
001 000009597
005 20200929161633.0
008 000919s2000 mx 000 f spa d
020 _a9681906896
040 _aDO-SdBNP
_cDLC
_dDLC
082 _aCu863.44
_bA334f
100 1 _aAlberto, Eliseo,
_d1951-
_916632
245 1 3 _aLa fábula de José /
_cEliseo Alberto.
260 _aMéxico :
_bAlfaguara,
_cc2000.
300 _a270 p. ;
_c22 cm.
650 4 _aNovela cubana
_92316
650 4 _aLiteratura cubana
_91483
910 _aCatalogación por copia / LC
910 _aWM
049 _aBNGR
999 _c9357
_d9357